Statistiche per Comuni della Toscana (con mappa)

Clicka qui per fare il quiz!

Statistiche generali

  • Questo quiz è stato fatto 1.743 volte
  • Il punteggio medio è 67 su 273

Risposte nella Mappa

Le risposte nella mappa del quiz sottostante sono codificate secondo una scala di colori dal rosso al verde in base alla % di persone che hanno risposto correttamente.
 

Statistiche sulle risposte

Comune% Corretto
Firenze
91%
Massa
90%
Arezzo
88%
Grosseto
87%
Livorno
87%
Pisa
87%
Pistoia
87%
Prato
87%
Siena
87%
Carrara
85%
Lucca
85%
Viareggio
72%
Piombino
69%
Empoli
67%
Portoferraio
61%
Orbetello
57%
Forte dei Marmi
55%
Cecina
54%
Follonica
54%
Sesto Fiorentino
52%
Volterra
49%
Pontedera
48%
San Gimignano
48%
Scandicci
48%
Fiesole
47%
Isola del Giglio
47%
Montecatini Terme
46%
Montepulciano
46%
Poggibonsi
45%
Camaiore
43%
Campi Bisenzio
40%
Certaldo
39%
Chiusi
39%
Cortona
39%
Pescia
39%
Aulla
38%
Barberino di Mugello
38%
Castiglione della Pescaia
38%
Montevarchi
38%
Pontremoli
38%
San Vincenzo
38%
Cascina
36%
Pietrasanta
36%
San Miniato
36%
Vinci
36%
Borgo San Lorenzo
35%
Fucecchio
35%
Lastra a Signa
35%
Monteriggioni
35%
Rosignano Marittimo
35%
Calenzano
34%
Montalcino
34%
Pienza
34%
Signa
34%
Capannori
33%
Sansepolcro
33%
Bibbiena
32%
Firenzuola
32%
Monte Argentario
32%
Pontassieve
32%
Porto Azzurro
32%
Altopascio
31%
Castagneto Carducci
31%
Chianciano Terme
31%
Impruneta
31%
Rio
31%
Castelfiorentino
30%
Castelnuovo di Garfagnana
30%
Massa Marittima
30%
San Giuliano Terme
30%
Agliana
29%
Bagno a Ripoli
29%
Capalbio
29%
San Giovanni Valdarno
29%
Bagni di Lucca
28%
Bibbona
28%
Capoliveri
28%
Castiglion Fiorentino
28%
Collesalvetti
28%
Greve in Chianti
28%
Marciana
28%
Montelupo Fiorentino
28%
Quarrata
28%
Sinalunga
28%
Ponsacco
27%
Massarosa
26%
Montemurlo
26%
Vernio
26%
Barga
25%
Colle di Val d'Elsa
25%
Pitigliano
25%
Reggello
25%
Campiglia Marittima
24%
Capraia Isola
24%
Montespertoli
24%
Pomarance
24%
Santa Croce sull'Arno
24%
Vaiano
24%
Anghiari
23%
Asciano
23%
Calci
23%
Campo nell'Elba
23%
Monsummano Terme
23%
Poggio a Caiano
23%
Chiesina Uzzanese
22%
Figline e Incisa Valdarno
22%
Gavorrano
22%
Lajatico
22%
Marciana Marina
22%
Marradi
22%
Poppi
22%
Vecchiano
22%
Vicchio
22%
Vicopisano
22%
Abbadia San Salvatore
21%
Abetone Cutigliano
21%
Badia Tedalda
21%
Borgo a Mozzano
21%
Cantagallo
21%
Carmignano
21%
Foiano della Chiana
21%
Peccioli
21%
Porcari
21%
San Casciano in Val di Pesa
21%
Seravezza
21%
Bucine
20%
Fivizzano
20%
Gaiole in Chianti
20%
Monte San Savino
20%
Rapolano Terme
20%
Rignano sull'Arno
20%
San Quirico d'Orcia
20%
Scarperia e San Piero
20%
Buti
19%
Lamporecchio
19%
Montale
19%
Stazzema
19%
Barberino Tavarnelle
18%
Bientina
18%
Buggiano
18%
Buonconvento
18%
Capannoli
18%
Capraia e Limite
18%
Castelnuovo Berardenga
18%
Cerreto Guidi
18%
Dicomano
18%
Manciano
18%
Montecarlo
18%
Scarlino
18%
Serravalle Pistoiese
18%
Torrita di Siena
18%
Castellina in Chianti
17%
Montaione
17%
Montignoso
17%
Piancastagnaio
17%
Piazza al Serchio
17%
Ponte Buggianese
17%
Radicofani
17%
Scansano
17%
Terranuova Bracciolini
17%
Villafranca in Lunigiana
17%
Calcinaia
16%
Casciana Terme Lari
16%
Casole d'Elsa
16%
Fosdinovo
16%
Radicondoli
16%
San Marcello Piteglio
16%
Sorano
16%
Suvereto
16%
Uzzano
16%
Zeri
16%
Arcidosso
15%
Castel del Piano
15%
Castiglione di Garfagnana
15%
Castiglion Fibocchi
15%
Chiusdino
15%
Chiusi della Verna
15%
Fauglia
15%
Lucignano
15%
Massa e Cozzile
15%
Pieve Santo Stefano
15%
Pratovecchio Stia
15%
Radda in Chianti
15%
Rufina
15%
San Casciano dei Bagni
15%
Santa Luce
15%
Talla
15%
Vaglia
15%
Bagnone
14%
Castelfranco di Sotto
14%
Larciano
14%
Montecatini Val di Cecina
14%
Montescudaio
14%
Murlo
14%
Orciano Pisano
14%
Palazzuolo sul Senio
14%
Roccastrada
14%
Sassetta
14%
Sovicille
14%
Caprese Michelangelo
13%
Careggine
13%
Castelfranco Piandiscò
13%
Gallicano
13%
Gambassi Terme
13%
Licciana Nardi
13%
Londa
13%
Loro Ciuffenna
13%
Magliano in Toscana
13%
Minucciano
13%
Monteroni d'Arbia
13%
Montopoli in Val d'Arno
13%
Pelago
13%
Pieve a Nievole
13%
Pieve Fosciana
13%
Sambuca Pistoiese
13%
San Godenzo
13%
Santa Maria a Monte
13%
Sarteano
13%
Castellina Marittima
12%
Castiglione d'Orcia
12%
Cavriglia
12%
Cetona
12%
Chianni
12%
Civitella in Val di Chiana
12%
Coreglia Antelminelli
12%
Crespina Lorenzana
12%
Guardistallo
12%
Marliana
12%
Monterchi
12%
Montieri
12%
Palaia
12%
Pescaglia
12%
San Romano in Garfagnana
12%
Santa Fiora
12%
Sestino
12%
Terricciola
12%
Vagli Sotto
12%
Camporgiano
11%
Capolona
11%
Casale Marittimo
11%
Castelnuovo di Val di Cecina
11%
Castel San Niccolò
11%
Filattiera
11%
Laterina Pergine Valdarno
11%
Marciano della Chiana
11%
Monterotondo Marittimo
11%
Monteverdi Marittimo
11%
Monticiano
11%
Trequanda
11%
Villa Basilica
11%
Campagnatico
10%
Casola in Lunigiana
10%
Castel Focognano
10%
Castell'Azzara
10%
Civitella Paganico
10%
Fabbriche di Vergemoli
10%
Podenzana
10%
Riparbella
10%
Subbiano
10%
Chitignano
9%
Cinigiano
9%
Comano
9%
Fosciandora
9%
Molazzana
9%
Mulazzo
9%
Ortignano Raggiolo
9%
Roccalbegna
9%
Sillano Giuncugnano
9%
Villa Collemandina
9%
Montemignaio
8%
Semproniano
8%
Seggiano
7%
Tresana
7%

Distribuzione punteggi

Percentile per numero di risposta

Percentuale di utenti per punteggio

I tuoi punteggi nel tempo

Non hai fatto questo quiz